Edgar Hennecke New Testament Apocrypha: Gospels and Related Writings (Record no. 20923)

MARC details
000 -LEADER
fixed length control field 00339nam a22001217a 4500
082 ## - DEWEY DECIMAL CLASSIFICATION NUMBER
Classification number 229 SCH1 V1
100 ## - MAIN ENTRY--AUTHOR NAME
Author name Schneemelcher, Wilhelm
245 ## - TITLE STATEMENT
Title Edgar Hennecke New Testament Apocrypha: Gospels and Related Writings
260 ## - PUBLICATION, DISTRIBUTION, ETC. (IMPRINT)
Place of publication Philadelphia
Name of publisher The Westminster Press
Year of publication 1959
300 ## - PHYSICAL DESCRIPTION
Number of Pages 531
650 ## - SUBJECT ADDED ENTRY--TOPICAL TERM
Topical Term Apocryphal Gospels
942 ## - ADDED ENTRY ELEMENTS (KOHA)
Koha item type Books
Holdings
Collection code Home library Current library Shelving location Date acquired Source of acquisition Full call number Accession Number Koha item type
Reference Henry Martyn Institute Library Henry Martyn Institute Library Reference 11/30/2004 Dr. R. Schichk 229 SCH1 V1 11-1635 Books
                   Copyright © 2026 | Henry Martyn Institute | Hyderabad | TS-500052 | INDIA | Implemented by hmi.edu.in
Hit-Count:

Powered by Koha